=LDR 00000nam 2200000 4500 =001 INLIS000000000006368 =005 20220610125058 =035 ##$$a 0010-0622000229 =245 1#$$a Ag, Cu Alter ITO for Huge Panels /$c TETSUO HIRAYAMA =100 1#$$a HIRAYAMA, Tetsuo =250 ##$$a Edisi Vol. 19, Serial No. 215 August 2014 =300 ##$$a 70 halaman : $b Tabel, Gambar ; $c 21x28 cm =260 ##$:$b Dempa Asia Electronics Industry,$c 2014 =082 ##$$a 050.37 =084 ##$$a 050.37 HIR a =500 ##$$a Tech Focus : Integrated Touch Sensor Renvents Displays Innovative Film Sharpens Large Images =990 ##$$a 18/MJ-16